| 000 | 03545nam a22003377a 4500 | ||
|---|---|---|---|
| 005 | 20091214112113.0 | ||
| 010 | _aB-375952-963 | ||
| 020 |
_a9788188380459 _c250.00 |
||
| 035 | _aB-375952-963 | ||
| 037 | _bमित्तल बुक एजेन्सी | ||
| 082 | _a510 | ||
| 100 |
_aसंजय भोला 'धीर' _921976 |
||
| 245 |
_aगणित के रोचक खेल एवं पहेलिया / _cसंजय भोला 'धीर' |
||
| 260 |
_aनई दिल्ली _bमित्तल बुक एजेन्सी _c2009 |
||
| 270 |
_a3072/5, गोला मार्किट,(गोलचा सिनेमा के पीछे), दरियागंज _bनई दिल्ली _e110002 |
||
| 300 |
_a182पृ. _c22सेमी (सजिल्द) |
||
| 942 |
_2ddc _cCH _h510 _mसंजय |
||
| 999 |
_c32727 _d32727 |
||